Química moderna de los cereales / (Record no. 84987)

MARC details
000 -LEADER
campo de control de longitud fija 00754nam a2200205 i 4500
001 - NÚMERO DE CONTROL
campo de control 84987
003 - IDENTIFICADOR DE NÚMERO DE CONTROL
campo de control ES-MaACL
005 - FECHA Y HORA DE LA ÚLTIMA TRANSACCIÓN
campo de control 20230906175146.0
007 - CAMPO FIJO DE DESCRIPCIÓN FÍSICA--INFORMACIÓN GENERAL
campo de control de longitud fija t|
008 - DATOS DE LONGITUD FIJA--INFORMACIÓN GENERAL
campo de control de longitud fija 041124s1956 sp ||||1| spa d
100 1# - ENTRADA PRINCIPAL--NOMBRE DE PERSONA
Nombre de persona Jones, D. W. Kent.
9 (RLIN) 66835
245 10 - MENCIÓN DEL TÍTULO
Título Química moderna de los cereales /
Mención de responsabilidad, etc. D.W. Kent Jones y A.J. Marí ; traducción del inglés por Francisco Pulido Cuchí ; revisión y nota preliminar por Antonio Quintana Marí.
260 ## - PUBLICACIÓN, DISTRIBUCIÓN, ETC.
Lugar de publicación, distribución, etc. Madrid :
Nombre del editor, distribuidor, etc. Aguilar,
Fecha de publicación, distribución, etc. 1956 (
Fabricante Selecciones Gráficas)
300 ## - DESCRIPCIÓN FÍSICA
Extensión XXIII, 802 p. :
Otras características físicas il. ;
Dimensiones 22 cm.
650 #4 - PUNTO DE ACCESO ADICIONAL DE MATERIA--TÉRMINO DE MATERIA
Término de materia o nombre geográfico como elemento de entrada Industria del pan.
9 (RLIN) 165309
700 1# - ENTRADA AGREGADA--NOMBRE PERSONAL
Nombre de persona Pulido Cuchí, Francisco.
9 (RLIN) 94372
700 1# - ENTRADA AGREGADA--NOMBRE PERSONAL
Nombre de persona Quintana Marí, Antonio.
9 (RLIN) 94689
700 0# - ENTRADA AGREGADA--NOMBRE PERSONAL
Nombre de persona Amós, A. J.
9 (RLIN) 21328
852 ## - LOCALIZACIÓN
Ubicación ES-MaACL
Número de control de estantería C-9789
Holdings
Estatus retirado Estado de pérdida Estado de daño No para préstamo Biblioteca de origen Biblioteca actual Ubicación en estantería Fecha de adquisición Fuente de adquisición Total de préstamos Signatura topográfica completa Código de barras Visto por última vez Precio de reemplazo Tipo de ítem Koha
        Biblioteca del Ateneo de Madrid Biblioteca del Ateneo de Madrid Sala Palomar 17/01/2008     C-9789 1088813 23/02/2023 23/02/2023 Libro impreso